000 00259nam a22001097a 4500
008 140515t xxu||||| |||| 00| 0 eng d
020 _a978-81-89473-23-5
100 _aHemant Rawat
_9860
245 _aAgricultural Biotechnology
300 _a277
942 _2ddc
_cBK
999 _c17104
_d17104